000 01339nam a2200385 i 4500
001 11811
003 KOSZ 005
005 20201009133645.0
008 070620s1969 pl a f 001 0 pol
015 _aPB 1969/8944a
040 _aWA N
_cWA N
_dKOSZ 005/RW
_dKOSZ 005/HR
046 _k1969
080 _a621.43
100 1 _aKrępeć, Tadeusz
_d( -1999)
_eAutor
245 1 0 _aObsługa i naprawa aparatury paliwowej silników wysokoprężnych /
_cTadeusz Krępeć, Henryk Falkowski.
260 _aWarszawa :
_bWydawnictwa Naukowo-Techniczne,
_c1969.
300 _a199, [1] s., [1] k. tabl. :
_bil. ;
_c24 cm.
336 _2rdacontent
_aTekst
_btxt
337 _2rdamedia
_aBez urządzenia pośredniczącego
_bn
338 _2rdacarrier
_aWolumin
_bnc
380 _aKsiążki
380 _aPublikacje fachowe
388 _a1901-2000
388 _a1945-1989
500 _aDruk z klisz.
504 _aBibliogr. s. [193]. Indeks.
650 4 _aSilniki Diesla
650 4 _aRemont
650 4 _aObsługa i eksploatacja
658 _aInżynieria i technika
700 1 _aFalkowski, Henryk
_eAutor
710 2 _aWydawnictwa Naukowo-Techniczne
_4pbl.
856 _uhttp://koha.tu.koszalin.pl/cgi-bin/koha/opac-detail.pl?biblionumber=11811
_yKatalog online BPK
942 _2UKD
_cKS
999 _c11811
_d11811